Aut : bimestrale di attualità e cultura omosessuale /

Kaydedildi:
Detaylı Bibliyografya
Yeni Başlık:Aut
Müşterek Yazar: Circolo di cultura omosessuale Mario Mieli
Materyal Türü: Süreli
Dil:İtalyanca
Baskı/Yayın Bilgisi: Roma : Circolo Mario Mieli
Etiketler: Etiketle
Etiket eklenmemiş, İlk siz ekleyin!

MARC

LEADER 00000nas a22000007i 4500
001 IT\ICCU\CFI\0315050
003 ItRI
005 20250205184356.0
008 960516c19uu9999it |||||||||||| b0||||c
040 |b ita  |c CDM 
041 7 |a ita  |2 ISO-639-2 
245 0 0 |a Aut :  |b bimestrale di attualità e cultura omosessuale /  |c edito dal Circolo di cultura omosessuale Mario Mieli. 
260 |a Roma :  |b Circolo Mario Mieli 
300 |a  v. :  |b ill. ;  |c 24 cm 
500 |a Descrizione basata su: A. 1, n. 2 (1995). 
710 2 |a Circolo di cultura omosessuale Mario Mieli  |0 IT\ICCU\CFIV\153414 
772 1 |w IT\ICCU\CFI\0315052  |t Barbeque. - 
785 6 |w IT\ICCU\RMS\2835971  |t Aut 
942 |2 ddc  |c CR 
981 1 |6 z01  |a i   |b xxxe  
982 1 |6 z01  |a n 
999 |c 2457  |d 2457